[Event "Warsaw YMCA Autumn-C 176th"]
[Site "Warsaw"]
[Date "2016.09.20"]
[Round "1"]
[White "Wilczynski, Adam"]
[Black "Binkowski, Szymon"]
[Result "1-0"]
[WhiteElo "1650"]
[BlackElo "1559"]
[PlyCount "131"]
[EventDate "2016.09.20"]
[EventType "tourn"]
[EventRounds "13"]
[EventCountry "POL"]
[SourceTitle "EXT 2019"]
[Source "ChessBase"]
[SourceDate "2018.10.10"]
[SourceVersion "1"]
[SourceVersionDate "2018.10.10"]
[SourceQuality "1"]

1. c4 Nf6 2. g3 g6 3. Bg2 Bg7 4. Nc3 d6 5. d3 0-0 6. Bg5 c6 7. Qd2 Nbd7 8. Bh6 Qb6 9. Bxg7 Kxg7 10. Nf3 e5 11. 0-0 Ne8 12. d4 f5 13. c5 Qc7 14. Ng5 Ndf6 15. dxe5 dxe5 16. Rad1 Qa5 17. b4 Qxb4 18. Rb1 Qxc5 19. Rxb7+ Kg8 20. Rbb1 e4 21. e3 Qd6 22. Qb2 h6 23. Nh3 g5 24. Rfd1 Qe6 25. Na4 Nd7 26. Qc2 Ba6 27. Rbc1 Bb5 28. Kh1 Ne5 29. Nc5 Qe7 30. Ng1 g4 31. Qb3+ Kh7 32. a4 Bd3 33. h4 Rc8 34. Ne6 Rf6 35. Nf4 Rd6 36. Qc3 c5 37. Rd2 c4 38. Rb2 Rcc6 39. Rb5 Ng6 40. Nge2 Ng7 41. Nxg6 Kxg6 42. Nf4+ Kh7 43. Ra1 a6 44. Rb8 Rd8 45. Rb2 Qc7 46. a5 Rcd6 47. Qe5 Re8 48. Qc3 Rb8 49. Raa2 Bb1 50. Rxb8 Qxb8 51. Rb2 Rd1+ 52. Kh2 Qc7 53. Rb6 Qd7 54. Qf6 Kg8 55. Rb8+ Ne8 56. Qg6+ Kf8 57. Qxh6+ Ke7 58. Qh7+ Kd6 59. Rb6+ Kc7 60. Ne6+ Kc8 61. Qxf5 Rc1 62. Qc5+ Nc7 63. Nxc7 Qxc7 64. Rc6 c3 65. Rxc7+ Kb8 66. Qa7# 1-0

[Event "Warsaw YMCA Spring-C 169th"]
[Site "Warsaw"]
[Date "2016.06.15"]
[Round "11"]
[White "Polgrabia, Miroslaw"]
[Black "Wilczynski, Adam"]
[Result "0-1"]
[WhiteElo "1603"]
[BlackElo "1651"]
[PlyCount "72"]
[EventDate "2016.04.06"]
[EventType "tourn"]
[EventRounds "13"]
[EventCountry "POL"]
[SourceTitle "EXT 2019"]
[Source "ChessBase"]
[SourceDate "2018.10.10"]
[SourceVersion "1"]
[SourceVersionDate "2018.10.10"]
[SourceQuality "1"]

1. e4 c5 2. Nf3 e6 3. d4 cxd4 4. Nxd4 a6 5. c4 Nf6 6. Nc3 Qc7 7. Bd3 Bc5 8. Nc2 Be7 9. 0-0 d6 10. f4 Nbd7 11. Kh1 Nc5 12. b4 Nxd3 13. Qxd3 b6 14. Bb2 Bb7 15. Ne3 0-0 16. f5 Rfe8 17. fxe6 fxe6 18. Rf3 Nd7 19. Ne2 Ne5 20. Bxe5 dxe5 21. a3 Rad8 22. Qc2 Qc6 23. Nc3 Rd4 24. b5 axb5 25. cxb5 Qc7 26. Qb3 Bc5 27. Nf5 Rd7 28. Raf1 g6 29. Nh6+ Kg7 30. Ng4 Ree7 31. Nf6 Rd4 32. Rh3 Kh8 33. Ne2 Rd8 34. Qg3 Rg7 35. Qg4 Qe7 36. a4 Qxf6 0-1

[Event "Warsaw YMCA Spring-C 169th"]
[Site "Warsaw"]
[Date "2016.06.01"]
[Round "9"]
[White "Kalejta, Arkadiusz"]
[Black "Wilczynski, Adam"]
[Result "1/2-1/2"]
[WhiteElo "1578"]
[BlackElo "1651"]
[PlyCount "139"]
[EventDate "2016.04.06"]
[EventType "tourn"]
[EventRounds "13"]
[EventCountry "POL"]
[SourceTitle "EXT 2019"]
[Source "ChessBase"]
[SourceDate "2018.10.10"]
[SourceVersion "1"]
[SourceVersionDate "2018.10.10"]
[SourceQuality "1"]

1. e4 c5 2. Nf3 e6 3. d4 cxd4 4. Nxd4 a6 5. Nc3 Qc7 6. Bd3 Nf6 7. 0-0 d6 8. a4 b6 9. f4 Nbd7 10. Nf3 Bb7 11. Qe2 Nc5 12. e5 Nfd7 13. f5 Nxe5 14. Nxe5 dxe5 15. fxe6 Nxe6 16. Be4 Bc5+ 17. Kh1 Bxe4 18. Qxe4 0-0 19. Nd5 Qb8 20. b4 Bd6 21. Ra3 Nf4 22. Bxf4 exf4 23. Nf6+ gxf6 24. Rh3 Re8 25. Qxh7+ Kf8 26. Qf5 Ke7 27. Re1+ Be5 28. Rh6 Qd6 29. Rxf6 Qxf6 30. Rxe5+ Qxe5 31. Qxe5+ Kd7 32. Qd5+ Ke7 33. h3 Rab8 34. Qg5+ Kf8 35. Qh6+ Kg8 36. Qxf4 Re1+ 37. Kh2 Rbe8 38. Qg3+ Kh7 39. Qd3+ R1e4 40. Qd5 R8e6 41. c4 R4e5 42. Qb7 Kg7 43. Qc8 Re2 44. Qxa6 Rb2 45. Qb5 Ree2 46. Qg5+ Kf8 47. Qd8+ Kg7 48. Qg5+ Kf8 49. b5 Ke8 50. Qg4 Ke7 51. h4 Rf2 52. Qg5+ f6 53. Qg4 f5 54. Qg7+ Kd6 55. Qd4+ Ke7 56. Qe5+ Kf7 57. Qc7+ Kg8 58. Qg3+ Kh7 59. Kh3 f4 60. Qd3+ Kh6 61. Qd6+ Kg7 62. Qc7+ Kh8 63. Kg4 Rxg2+ 64. Kxf4 Rbf2+ 65. Ke5 Re2+ 66. Kd5 Rd2+ 67. Ke4 Rde2+ 68. Kf3 Ref2+ 69. Ke3 Re2+ 70. Kd3 1/2-1/2

[Event "Warsaw YMCA Spring-C 169th"]
[Site "Warsaw"]
[Date "2016.05.24"]
[Round "8"]
[White "Wilczynski, Adam"]
[Black "Matyszkiewicz, Wiktor"]
[Result "1-0"]
[WhiteElo "1651"]
[BlackElo "1668"]
[PlyCount "81"]
[EventDate "2016.04.06"]
[EventType "tourn"]
[EventRounds "13"]
[EventCountry "POL"]
[SourceTitle "EXT 2019"]
[Source "ChessBase"]
[SourceDate "2018.10.10"]
[SourceVersion "1"]
[SourceVersionDate "2018.10.10"]
[SourceQuality "1"]

1. c4 Nf6 2. Nf3 g6 3. g3 Bg7 4. Bg2 0-0 5. 0-0 d6 6. Nc3 Nbd7 7. Rb1 Nh5 8. e4 Ne5 9. Nxe5 Bxe5 10. d4 Bg7 11. Bg5 h6 12. Be3 c6 13. Qd2 Kh7 14. f4 f5 15. e5 dxe5 16. dxe5 Qxd2 17. Bxd2 Be6 18. b3 Rfd8 19. Rfd1 Rd3 20. Bf1 Rd7 21. Be3 Rad8 22. Be2 Rxd1+ 23. Rxd1 Rxd1+ 24. Bxd1 a6 25. Na4 Bf8 26. Nc5 Bc8 27. Na4 Ng7 28. Nb6 Be6 29. Kf2 Ne8 30. Na4 Kg8 31. Bc5 Kf7 32. Bb6 Bg7 33. Bf3 g5 34. Nc5 Bc8 35. Bh5+ Kf8 36. Bf3 Kf7 37. h3 Kg6 38. Bd8 e6 39. Na4 Bf8 40. Ke2 b5 41. Bxc6 1-0

[Event "Warsaw YMCA Spring-C 169th"]
[Site "Warsaw"]
[Date "2016.05.18"]
[Round "7"]
[White "Kwiek, Janusz"]
[Black "Wilczynski, Adam"]
[Result "1/2-1/2"]
[WhiteElo "1575"]
[BlackElo "1651"]
[PlyCount "96"]
[EventDate "2016.04.06"]
[EventType "tourn"]
[EventRounds "13"]
[EventCountry "POL"]
[SourceTitle "EXT 2019"]
[Source "ChessBase"]
[SourceDate "2018.10.10"]
[SourceVersion "1"]
[SourceVersionDate "2018.10.10"]
[SourceQuality "1"]

1. Nf3 Nf6 2. g3 b5 3. Bg2 Bb7 4. 0-0 e6 5. d4 Be7 6. Nbd2 0-0 7. c4 bxc4 8. Nxc4 c5 9. dxc5 Bxc5 10. Nd6 Bd5 11. Nb5 Qb6 12. Nc3 Bc6 13. Na4 Bxa4 14. Qxa4 Nc6 15. a3 d5 16. b4 Bd6 17. Bb2 a6 18. Rac1 Rac8 19. Rc2 Ne4 20. e3 Qb5 21. Qxb5 axb5 22. Rfc1 Ne7 23. Rxc8 Rxc8 24. Rxc8+ Nxc8 25. Bf1 Na7 26. Bd4 Bb8 27. Bxa7 Bxa7 28. Bxb5 f6 29. Kf1 Kf7 30. Ke1 Ke7 31. Nd4 Kd6 32. Bd3 Bb6 33. Bxe4 dxe4 34. Kd2 Kd5 35. Kc3 g5 36. a4 f5 37. a5 Ba7 38. Nb5 Bb8 39. a6 Be5+ 40. Nd4 Bxd4+ 41. exd4 Kc6 42. b5+ Kb6 43. Kd2 f4 44. gxf4 gxf4 45. h4 h5 46. Kc3 Ka7 47. Kc4 Kb6 48. Kc3 Ka7 1/2-1/2